Gentes del Valle del Nilo: la sociedad egipcia durante el período faraónico
-д хадгалсан:
| Үндсэн зохиолч: | |
|---|---|
| Формат: | Ном |
| Хэл сонгох: | испани |
| Хэвлэсэн: |
Madrid
Complutense
2003
|
| Цуврал: | La Mirada de la Historia
|
| Нөхцлүүд: | |
| Шошгууд: |
Шошго нэмэх
Шошго байхгүй, Энэхүү баримтыг шошголох эхний хүн болох!
|
MARC
| LEADER | 00000nam a2200000 a 4500 | ||
|---|---|---|---|
| 001 | UCI1229 | ||
| 003 | CL-VaPUC | ||
| 008 | 070622e20030000SP |||||||||||||||||spa|d | ||
| 020 | |a 8474917212 | ||
| 082 | 0 | 4 | |a 932.02 |b PAR |2 21 |
| 100 | |a Parra Ortiz, José Miguel |e autor |9 521597 | ||
| 245 | 1 | 0 | |a Gentes del Valle del Nilo: la sociedad egipcia durante el período faraónico |
| 300 | |a 481 p | ||
| 942 | |c BK | ||
| 945 | |d 20070622 00:00:00 |a jtorresc | ||
| 260 | |a Madrid |b Complutense |c 2003 | ||
| 650 | 0 | |a Historia antigua |9 267521 | |
| 650 | 0 | |a Civilización egipcia |9 433926 | |
| 650 | 7 | |a EGIPTO ANTIGUO |2 CL-VaPUC |9 521598 | |
| 650 | 0 | |a Religión |9 255164 | |
| 650 | 7 | |a RELIGIONES PRIMITIVAS |2 CL-VaPUC |9 521599 | |
| 650 | 0 | |a Artesanos egipcios |9 322420 | |
| 650 | 7 | |a ESCRIBAS |2 CL-VaPUC |9 322421 | |
| 650 | 7 | |a RIO NILO |2 CL-VaPUC |9 521600 | |
| 583 | |a last modification |c 20070622 00:00:00 |k Rodrigo Vera | ||
| 490 | 0 | |a La Mirada de la Historia | |
| 999 | |c 326069 |d 326067 | ||
| 952 | |0 0 |1 0 |4 0 |6 932_020000000000000_PAR_2003 |7 0 |8 A |9 407755 |a BIBHIS |b BIBHIS |d 2019-11-22 |i 4351525 |l 1 |o 932.02 PAR 2003 |p 4351525 |r 2025-01-20 |s 2022-06-02 |w 2019-11-22 |y BK |k HIS | ||